00452 2200181 4500001002100000008004100021035002000062245006400082100001800146250000600164260002900170300001200199084001400211082000800225650001300233990001200246990001200258INLIS000000000000790 ind  a0010-0524000025 aCara Cespleng Pintar Ekonomi Kelas X, XI, XIIcLilik Astuti aAstuti, Lilik a1 aYogyakarta :bAndic2015 a216 hlm a330 LIL c a330 aNonFiksi a0740429 a0740430